| 000 | 00556nam a22001937a 4500 | ||
|---|---|---|---|
| 003 | KOHA_MİRAKIL | ||
| 005 | 20251224153730.0 | ||
| 008 | 251224b tu ||||| |||| 00| 0 tur d | ||
| 020 | _a9789751002594 | ||
| 040 |
_aTR-AnABB _btur _cTR-AnABB |
||
| 041 | _atur | ||
| 082 |
_a810.4209 _bAKY 2023 |
||
| 100 | 1 | _aAkyüz, Kenan, | |
| 245 | 1 | 0 |
_aModern Türk edebiyatının ana çizgileri / _cKenan Akyüz |
| 260 |
_aİstanbul : _bİnkılap Yayınevi, _c2023 |
||
| 300 |
_a270 sayfa ; _c23 cm |
||
| 650 | 0 | 4 | _aTürk edebiyatı, roman |
| 942 |
_2ddc _cBK |
||
| 999 |
_c9950 _d9950 |
||
| 900 | _bGizem YORULMAZ | ||